[Event "Hessen-chC"]
[Site "Frankfurt"]
[Date "2018.05.13"]
[Round "7"]
[White "Scallan, Cillian"]
[Black "Pessotschinski, Eduard"]
[Result "1/2-1/2"]
[WhiteElo "1134"]
[BlackElo "1383"]
[PlyCount "69"]
[EventDate "2018.05.10"]
[EventType "swiss"]
[EventRounds "7"]
[EventCountry "GER"]
[SourceTitle "EXT 2019"]
[Source "ChessBase"]
[SourceDate "2018.10.10"]
[SourceVersion "1"]
[SourceVersionDate "2018.10.10"]
[SourceQuality "1"]

1. e4 c5 2. Nf3 d6 3. d4 cxd4 4. Nxd4 Nf6 5. Nc3 g6 6. Bc4 Bg7 7. 0-0 0-0 8. h3 Bd7 9. f4 Nc6 10. Nxc6 Bxc6 11. Re1 Qb6+ 12. Kh2 Rac8 13. Bb3 Rfe8 14. Be3 Qc7 15. Nd5 Nxd5 16. exd5 Bd7 17. c3 Bf5 18. g4 Bd7 19. Bd4 e5 20. fxe5 dxe5 21. Bf2 e4+ 22. d6 Qc6 23. Qd5 Qxd5 24. Bxd5 b6 25. Rxe4 Be5+ 26. Bg3 Rc5 27. Rxe5 Rxe5 28. Bxe5 Rxd5 29. Bf4 Kg7 30. g5 f6 31. h4 Kf7 32. Re1 Be6 33. Re4 f5 34. Ra4 a5 35. b4 1/2-1/2

[Event "Hessen-chC"]
[Site "Frankfurt"]
[Date "2018.05.11"]
[Round "3"]
[White "Scallan, Cillian"]
[Black "Neagu, Liviu1111"]
[Result "1/2-1/2"]
[WhiteElo "1134"]
[BlackElo "1562"]
[PlyCount "49"]
[EventDate "2018.05.10"]
[EventType "swiss"]
[EventRounds "7"]
[EventCountry "GER"]
[SourceTitle "EXT 2019"]
[Source "ChessBase"]
[SourceDate "2018.10.10"]
[SourceVersion "1"]
[SourceVersionDate "2018.10.10"]
[SourceQuality "1"]

1. e4 c5 2. Nf3 e6 3. d4 cxd4 4. Nxd4 a6 5. Nc3 Nc6 6. Be2 Nf6 7. 0-0 Bc5 8. Nb3 Be7 9. a3 0-0 10. Be3 d6 11. f4 Qc7 12. Rf3 Ng4 13. Kh1 Nxe3 14. Rxe3 Bf6 15. Rh3 b5 16. Bd3 g6 17. Qd2 Bg7 18. Rf1 Ne7 19. f5 exf5 20. exf5 Nxf5 21. Nd5 Qd8 22. g4 Bb7 23. Bxf5 gxf5 24. gxf5 Qf6 25. Kg1 1/2-1/2